LEADER 01391nam a2200277 i 4500 001 000000105813 003 CaOOAMICUS 005 20070626084309.0 008 070626s2005 it 000 0 ita d 020 $a88-7839-046-1 040 $aPUG$bita$dmv$dPUL$dES 245 00$aChiesa ed ebraismo oggi :$bpercorsi fatti, questioni aperte /$ca cura di Norbert J. Hofmann, Joseph Sievers, Maurizio Mottolese. 260 $aRoma :$bPontificia Universitą Gregoriana,$c2005. 300 $axii, 267 p. ;$c21 cm 500 $aIn calce alla cop.: Centro cardinal Bea per gli studi giudaici, Pontificia Universitą Gregoriana 504 $aContiene riferimenti bibliografici 650 04$aGiudaismo e altre religioni.$0(OLS)http://pul/subject/18845 700 1 $aSievers, Joseph,$eed.$0(OLS)http://pul/name/64989 700 1 $aMottolese, Maurizio,$eed.$0(OLS)http://pul/name/64991 700 1 $aHofmann, Norbert Johannes,$cs.d.b.,$eed.$0(OLS)http://pul/name/64990 850 $aPUL 852 $aPUL$W1$xSL Religione 3$y85$m261. 26 HOFNO 1$j121764$qDDC 21$B118638$CPULBib$Z2$F118638 $H103338 $82 941 1 $a9 996 $6020$a88-7839-046-1$9(OLS)http://pul/number/134981 996 $6245$aChiesa ed ebraismo oggi :$bpercorsi fatti, questioni aperte$9(OLS)http://pul/title/133194 996 $6260$aRoma :$bPontificia Universitą Gregoriana$9(OLS)http://pul/publisher/47853 LEADER 01160nam a2200313 a 4500 001 000000172361 003 CaOOAMICUS 005 20190722151058.0 008 190722s2019 it u001 u ita r 020 $a978-88-308-1682-4* 032 $aLibriCat 040 $aPUL$bita 082 04$a234 100 1 $aFlorio, Mario.$0(OLS)http://pul/name/50539 245 10$aSacramento /$cRiccardo Ferri. 260 $aAssisi :$bCittadella,$c©2019. 300 $a144 p. ;$c21 cm 490 1 $aParole della fede 504 $aBibliografia p. [133]-141. 650 4$aSacramenti.$0(OLS)http://pul/subject/763 650 4$aFede.$0(OLS)http://pul/subject/668 830 3$aLe Parole della fede.$0(OLS)http://pul/title/163636 850 $aPUL 852 $aPUL$W1$xSL Religione 3$y85$m234 COLL 1.17$j196279$qDDC 21$B201045$CPULBib$Z2$F201045 $H133318 $81 996 $6020$a978-88-308-1682-4*$9(OLS)http://pul/number/166444 996 $6082$a234$9(OLS)http://pul/classification/573 996 $6245$aSacramento$9(OLS)http://pul/title/213295 996 $6260$aAssisi :$bCittadella$9(OLS)http://pul/publisher/49668